000 00534nam a2200205Ia 4500
001 21909
003 GE_BSU
008 181216s||||||||xx |||||||||||||| ||und||
040 _cGE_BSU
080 _aპერიოდიკა
245 4 _aThe Economist, April 29th-May 5th 2017
245 _bNumber 9038 Volume 423
260 _aParis
260 _c2017
300 _a82 p. 27cm.
653 _aNumber 9038 Volume 423
653 _aThe Economist, April 29th-May 5th 2017
653 _aპერიოდიკა
942 _cCR
999 _c54840
_d54840